000 00218nam a22000857a 4500
008 170613b xxu||||| |||| 00| 0 eng d
100 _93374
_aBhan. W
245 _aEnglish main course book - 7
260 _aNew Delhi
_bPCB
_c2010
999 _c6711
_d6711